MPK Poznań - Przystanki na linii 7 - Statystyki

Ogólne statystyki
  • Ten quiz został rozwiązany 46 razy
  • Średni wynik to 20 z 37
Statystyki odpowiedzi
Hint Odpowiedź % Poprawnych
1 Połabska
78%
37 Ogrody
74%
21 Rondo Rataje
74%
20 Rondo Rataje
74%
17 Rondo Śródka
74%
16 Rondo Śródka
74%
14 Małe Garbary
70%
4 Murawa
65%
31 Głogowska/Hetmańska
61%
5 Pasieka
61%
2 Rondo Solidarności
61%
11 Fredry
57%
15 Katedra
57%
10 Most Teatralny
57%
9 Poznańska
57%
26 Rondo Starołęka
57%
25 Rondo Starołęka
57%
8 Wielkopolska
57%
7 Armii Poznań
52%
30 Kolejowa
52%
23 Osiedle Piastowskie
52%
24 Osiedle Rzeczypospolitej
52%
22 Wioślarska
52%
6 Żniwna
52%
33 Arena
48%
18 Baraniaka
48%
19 Kórnicka
48%
12 Plac Ratajskiego
48%
29 Traugutta
48%
32 Arciszewskiego
43%
35 Bukowska
43%
3 Osiedle Pod Lipami
43%
13 Plac Wielkopolski
43%
28 Rolna
43%
27 Hetmańska Wiadukt
39%
34 Rondo Nowaka-Jeziorańskiego
39%
36 Żeromskiego
39%
Nie znaleziono quizów pasujących do podanych kryteriów
Rozkład punktacji
Procent ludzi z każdym wynikiem
Percentyl według liczby udzielonych odpowiedzi
Twoja historia wyników
Nie rozwiązałeś tego quizu